000 00737nam a2200193 4500
008 030704s1977 us eng
020 _a0827204418
090 _aHV35
_bB84
100 1 _aBryant, Marcus D.
245 1 0 _aThe church and community resources /
_cMarcus D. Bryant and Charles F. Kemp.
260 _aMissouri :
_bBethany Press,
_cc1977.
300 _a96 p.
650 4 _aChurch and social problems
_xHandbooks, manuals, etc.
650 4 _aCommunity organization
_xHandbooks, manuals, etc.
650 4 _aPastoral counseling
_xHandbooks, manuals, etc.
651 4 _aSocial service
_zUnited States
_xHandbooks, manuals, etc.
700 1 _aKemp, Charles F.
951 _p26072
_x00026043
_oHV35/B84
_j070613111246687
_d2000-12-21
_cREF
999 _c15543
_d15543